000 00649nam a2200205 4500
003 OSt
005 20180905083934.0
008 180905b xxu||||| |||| 00| 0 spa d
020 _a959-242-036-X
040 _cBiblioteca Ernesto Sábato
092 _a306.4
_bG216
_eBDT
100 _aGarcía Alonso, Maritza
245 _aIdentidad cultural e investigación : hacia los pasos una vez perdidos
260 _aLa Habana
_bCentro de Investigación y Desarrollo de la Cultura Cubana Juan Marinello
_c2002
300 _a10 p
500 _aIncluye bibliografía
650 _aSOCIOLOGÍA CULTURAL
650 _aIDENTIDAD CULTURAL
942 _2ddc
_cBDT
999 _c32821
_d32821